Normal view
MARC view
Entry Personal Name
001 - CONTROL NUMBER
- control field: 14161
003 - CONTROL NUMBER IDENTIFIER
- control field: dpl
005 - DATE AND TIME OF LATEST TRANSACTION
- control field: 20100816162013.0
008 - FIXED-LENGTH DATA ELEMENTS
- fixed length control field: 100816|||a|||||| | ||| d
040 ## - CATALOGING SOURCE
- Original cataloging agency: dpl
- Transcribing agency: dpl
100 ## - HEADING--PERSONAL NAME
- Personal name: मैत्रीय देवी
670 ## - SOURCE DATA FOUND
- Source citation: Work cat.: (dpl)36866: मैत्रीय देवी, न हन्यते /, 2010
670 ## - SOURCE DATA FOUND
- Source citation: Work cat.: (dpl)36866: मैत्रीय देवी, न हन्यते /, 2010
